| 000 | 00490nam a22001817a 4500 | ||
|---|---|---|---|
| 003 | CEME | ||
| 005 | 20210628202433.0 | ||
| 008 | 210106b xxu||||| |||| 00| 0 eng d | ||
| 020 | _a0-13-015159-9 | ||
| 040 | _cceme | ||
| 082 | _a519.5 KAY | ||
| 100 |
_aKay, Steven .M _92376 |
||
| 245 | _aModern spectral estimation, theory and application | ||
| 260 |
_aNEW JERSEY _bPRENTICE HALL _c1987 |
||
| 300 | _aXV,539P | ||
| 650 |
_aSPECTRAL THEORY.ESTIMATION THEORY _959895 |
||
| 942 |
_cBK _2ddc |
||
| 999 |
_c569767 _d569767 |
||